000 00971nac a22002777a 4500
001 BR8701283
003 BR-BrBNA
005 20240105120450.0
008 230509b bl.|||m| |||| 00| 0 por d
040 _aBR-BrBNA
_bpor
_cBiblioteca Nacional de Agricultura
072 _aF30
090 _a1112 BR8701283
100 1 _aGomes, W. da R.
100 1 _aPadua, T. de
100 1 _aSouza, M. de
110 1 _aEmpresa de Pesquisa Agropecuaria de Minas Gerais, Belo Horizonte (Brasil)
245 1 _aMelhoramento da bananeira-prata: um ponto de partida para maior producao e melhor qualidade da banana-prata
260 3 _aBelo Horizonte, MG (Brasil):
_c1984.
300 _a1 p.
490 _aPesquisando - Empresa de Pesquisa Agropecuaria de Minas Gerais (Brazil)
_vno. 122
_xISSN 0101-2164
650 _aBANANA PRATA
650 _aCOMPETICAO DE VARIEDADE
650 _aVARIACAO CLONAL
909 _a202312
_bLúcia Elande
_c55
_dLúcia Elande
942 _2AGRIS
_n0
_cMS
999 _c279592
_d279592